[Event "Doeberl Cup Minor 48th"]
[Site "Canberra"]
[Date "2010.04.04"]
[Round "6"]
[White "Sweeney, Matthew"]
[Black "Teymant, Roy"]
[Result "1-0"]
[WhiteElo "1312"]
[BlackElo "997"]
[PlyCount "41"]
[EventDate "2010.04.02"]
[EventType "swiss"]
[EventRounds "7"]
[EventCountry "AUS"]
[SourceTitle "EXT 2012"]
[Source "ChessBase"]
[SourceDate "2011.11.24"]
[SourceVersion "1"]
[SourceVersionDate "2011.11.24"]
[SourceQuality "1"]

1. e4 e5 2. f4 exf4 3. Nf3 g5 4. Bc4 Nc6 5. a3 g4 6. 0-0 gxf3 7. Qxf3 Nf6 8. Qxf4 Bc5+ 9. Kh1 Bd4 10. c3 Be5 11. Qh6 Rg8 12. d4 Rg6 13. Qh4 Rg4 14. Qh6 Rg6 15. Qe3 Bxh2 16. e5 Ng4 17. Bxf7+ Ke7 18. Qh3 Bxe5 19. Bxg6 d6 20. Qxh7+ Ke6 21. Qf7# 1-0

[Event "Doeberl Cup Minor 48th"]
[Site "Canberra"]
[Date "2010.04.03"]
[Round "3"]
[White "Spooner, Andrew"]
[Black "Sweeney, Matthew"]
[Result "0-1"]
[WhiteElo "1025"]
[BlackElo "1312"]
[PlyCount "104"]
[EventDate "2010.04.02"]
[EventType "swiss"]
[EventRounds "7"]
[EventCountry "AUS"]
[SourceTitle "EXT 2012"]
[Source "ChessBase"]
[SourceDate "2011.11.24"]
[SourceVersion "1"]
[SourceVersionDate "2011.11.24"]
[SourceQuality "1"]

1. e4 d6 2. d4 Nf6 3. Nc3 g6 4. Bf4 Bg7 5. Nf3 0-0 6. Qd2 Nbd7 7. Bc4 a6 8. 0-0-0 b5 9. Bb3 b4 10. Nd5 a5 11. Nxf6+ Nxf6 12. e5 Ne4 13. Qe3 d5 14. Ng5 Nxg5 15. Bxg5 a4 16. Bxd5 Qxd5 17. Bxe7 Re8 18. Bxb4 Qxa2 19. Ba3 Bb7 20. f3 Re6 21. h4 h5 22. Rh2 Bf8 23. Bxf8 Kxf8 24. Qa3+ Qxa3 25. bxa3 Bd5 26. Rd3 Rb8 27. g4 Ba2 28. gxh5 gxh5 29. f4 Rb1+ 30. Kd2 Rg6 31. f5 Rgg1 32. Rc3 Rbd1+ 33. Ke3 Rg3+ 34. Ke2 Rxc3 35. Kxd1 Bd5 36. Kd2 Rxa3 37. Re2 Rh3 38. e6 fxe6 39. fxe6 Ke7 40. Re5 c6 41. Rxh5 a3 42. Rg5 Rh1 43. Rg7+ Kxe6 44. Ra7 a2 45. c4 Bxc4 46. Kc3 Bd5 47. Kb2 Rxh4 48. Ra4 Kd7 49. Ka1 Kc7 50. Kb2 Kb6 51. Ka1 Kb5 52. Ra8 Rxd4 0-1

[Event "Australian Major op"]
[Site "Tuggeranong"]
[Date "2007.01.05"]
[Round "5"]
[White "Wilkie, Mary"]
[Black "Sweeney, Matthew"]
[Result "1-0"]
[WhiteElo "1281"]
[BlackElo "1306"]
[PlyCount "131"]
[EventDate "2007.01.01"]
[EventType "swiss"]
[EventRounds "6"]
[EventCountry "AUS"]
[SourceTitle "EXT 2008"]
[Source "ChessBase"]
[SourceDate "2007.11.25"]
[SourceVersion "1"]
[SourceVersionDate "2007.11.25"]
[SourceQuality "1"]

1. e4 d5 2. exd5 Nf6 3. c4 e6 4. d4 exd5 5. Nc3 Bb4 6. Nf3 Ne4 7. Qc2 Qe7 8. Be3 Bf5 9. a3 Ng3 10. Qa4+ Nc6 11. hxg3 Bxc3+ 12. bxc3 0-0 13. cxd5 Nb8 14. Qb5 Nd7 15. Bd3 a6 16. Qb1 Bg6 17. Bxg6 fxg6 18. Kd2 Rf5 19. Qxb7 Rb8 20. Qxa6 Rxd5 21. Rab1 Nb6 22. Ne5 Qxe5 23. Rhe1 Qf6 24. Qe2 c5 25. Qf3 Nc4+ 26. Ke2 Rbd8 27. Qxf6 gxf6 28. a4 Nxe3 29. Kxe3 cxd4+ 30. Kd3 dxc3+ 31. Kxc3 Rc8+ 32. Kb2 Rd2+ 33. Ka1 Ra8 34. Re4 Rxf2 35. Rb2 f5 36. Reb4 Rf1+ 37. Ka2 Kg7 38. Ka3 Re1 39. g4 fxg4 40. Rxg4 Re3+ 41. Rb3 Re5 42. Rbb4 Re3+ 43. Rb3 Re7 44. Rf4 h5 45. g3 g5 46. Rf5 Kg6 47. Rc5 Ra6 48. a5 Rea7 49. Rbb5 h4 50. Rxg5+ Kf6 51. gxh4 Rd6 52. h5 Kf7 53. Kb4 Rd3 54. Rge5 Rh3 55. Rec5 Rh1 56. Rb6 Kg7 57. Kb5 Rb1+ 58. Kc6 Ra1 59. Rb7+ Rxb7 60. Kxb7 Rb1+ 61. Kc6 Kh6 62. a6 Rb2 63. Rb5 Rc2+ 64. Kb7 Rf2 65. a7 Rf7+ 66. Kb6 1-0

[Event "Australian Major op"]
[Site "Tuggeranong"]
[Date "2007.01.03"]
[Round "3"]
[White "Sweeney, Matthew"]
[Black "Mugford, Stephen"]
[Result "0-1"]
[WhiteElo "1306"]
[BlackElo "1517"]
[PlyCount "68"]
[EventDate "2007.01.01"]
[EventType "swiss"]
[EventRounds "6"]
[EventCountry "AUS"]
[SourceTitle "EXT 2008"]
[Source "ChessBase"]
[SourceDate "2007.11.25"]
[SourceVersion "1"]
[SourceVersionDate "2007.11.25"]
[SourceQuality "1"]

1. e4 e6 2. f4 d5 3. e5 c5 4. Nf3 Nc6 5. d4 cxd4 6. Nxd4 Qb6 7. Nxc6 Qxc6 8. Be3 Bc5 9. Bxc5 Qxc5 10. c3 Qe3+ 11. Be2 Qxf4 12. Na3 Qxe5 13. 0-0 Bd7 14. Bb5 Nf6 15. Qa4 a6 16. Rae1 Qc7 17. Kh1 0-0 18. Rxf6 Bxb5 19. Qg4 Bd3 20. Rf3 Bf5 21. Qd4 Rad8 22. Rg3 f6 23. Rge3 Be4 24. Qd1 Qb6 25. b3 e5 26. Qg4 f5 27. Qd1 Qg6 28. Rg3 Qd6 29. Nc2 f4 30. Rh3 Qg6 31. Qd2 Bxc2 32. Rxe5 Be4 33. Reh5 f3 34. Rg5 fxg2+ 0-1

[Event "Australian Major op"]
[Site "Tuggeranong"]
[Date "2007.01.01"]
[Round "1"]
[White "Sweeney, Matthew"]
[Black "Yuan, Yi"]
[Result "0-1"]
[WhiteElo "1306"]
[BlackElo "1712"]
[PlyCount "48"]
[EventDate "2007.01.01"]
[EventType "swiss"]
[EventRounds "6"]
[EventCountry "AUS"]
[SourceTitle "EXT 2008"]
[Source "ChessBase"]
[SourceDate "2007.11.25"]
[SourceVersion "1"]
[SourceVersionDate "2007.11.25"]
[SourceQuality "1"]

1. e4 e5 2. f4 exf4 3. Nf3 d5 4. e5 Nc6 5. d4 g5 6. h4 g4 7. Ng5 h6 8. Nxf7 Kxf7 9. Bxf4 h5 10. Bd3 Bh6 11. 0-0 Kg7 12. Bg6 Kxg6 13. Qd3+ Bf5 14. Qxf5+ Kxf5 15. Bxh6+ Kg6 16. Bg5 Qd7 17. Nc3 Nxd4 18. Rad1 c5 19. Rf2 Rh7 20. Rfd2 Rf7 21. Nxd5 Qxd5 22. c3 Ne2+ 23. Kh2 g3+ 24. Kh3 Qe6# 0-1